Marketing-mix - tvorba a realizácia v mikroprostredí COOP Servis, spol. s r.o. Nové Zámky : Diplomová práca

Salvato in:
Dettagli Bibliografici
Autore principale: Pálová, Klaudia (Autore)
Altri autori: Jacinto Assuncao, Domingos (xxx)
Natura: Manoscritto Libro
Lingua:slovacco
Pubblicazione: Trnava : STU v Bratislave MtF KPIM, 2006
Soggetti:
Tags: Aggiungi Tag
Nessun Tag, puoi essere il primo ad aggiungerne!!

MARC

LEADER 00000ntm a22000003a 4500
001 stu122100
005 20160719155541.8
008 060628s2006----xo------------------slo-d
040 |a STU  |b slo 
041 0 |a slo 
044 |a xo 
100 1 |a Pálová, Klaudia  |4 aut 
245 1 |a Marketing-mix - tvorba a realizácia v mikroprostredí COOP Servis, spol. s r.o. Nové Zámky :  |b Diplomová práca 
260 |a Trnava :  |b STU v Bratislave MtF KPIM,  |c 2006 
300 |a 67 s  |c 1 CD 
650 7 |a priemyselné inžinierstvo a manažment  |2 stusub 
650 7 |a marketing-mix  |2 stusub 
700 1 |a Jacinto Assuncao, Domingos  |4 xxx  |u M4000  |U MTF Materiálovotechnologická fakulta  |T MTF Ústav priemyselného inžinierstva a manažmentu  |X 3648  |U M4000  |Y 84  |7 A000003648 
996 |b 284M073629  |c M*DP-6173  |l MMSKP  |s P  |a 0  |w stu122100_0001